<?xml version="1.0" encoding="UTF-8"?>
<collection xmlns="http://www.loc.gov/MARC21/slim">
 <record>
  <leader>01363nam a22002177a 4500</leader>
  <controlfield tag="001">NCT_151533</controlfield>
  <controlfield tag="008">230606b        xxu||||| |||| 00| 0 vie d</controlfield>
  <datafield tag="999" ind1=" " ind2=" ">
   <subfield code="c">7837</subfield>
   <subfield code="d">7837</subfield>
  </datafield>
  <datafield tag="020" ind1=" " ind2=" ">
   <subfield code="c">45000</subfield>
  </datafield>
  <datafield tag="082" ind1="0" ind2="4">
   <subfield code="2">23rd ed.</subfield>
   <subfield code="a">781.62</subfield>
   <subfield code="b">T527</subfield>
  </datafield>
  <datafield tag="100" ind1="1" ind2=" ">
   <subfield code="a">Nguyễn Lê Tuyên </subfield>
  </datafield>
  <datafield tag="245" ind1="1" ind2="0">
   <subfield code="a">Hát bội đờn ca tài tử và cải lương cuối TK 19 đầu TK 20</subfield>
   <subfield code="b">Cuối TK 19 đầu TK 20</subfield>
   <subfield code="c">Nguyễn Lê Tuyên, Nguyễn Đức Hiệp</subfield>
  </datafield>
  <datafield tag="260" ind1=" " ind2=" ">
   <subfield code="a">Tp. Hồ Chí Minh</subfield>
   <subfield code="b">Văn hóa - Văn nghệ Tp. Hồ Chí Minh</subfield>
   <subfield code="c">c2013</subfield>
  </datafield>
  <datafield tag="300" ind1=" " ind2=" ">
   <subfield code="a">141 tr.</subfield>
   <subfield code="b">Hình vẽ, ảnh</subfield>
   <subfield code="c">20cm</subfield>
  </datafield>
  <datafield tag="500" ind1=" " ind2=" ">
   <subfield code="a">Tài liệu tham khảo tr. 137 -  141</subfield>
  </datafield>
  <datafield tag="520" ind1="3" ind2=" ">
   <subfield code="a">Sách nghiên cứu về lịch sử phát triển của các bài hát từ cuối thế kỷ 19 đến đầu thế kỷ 20, từ âm nhạc Taitu đến Chileong, đặc biệt là qua các tài liệu và ảnh chụp bằng tiếng Pháp và tiếng Anh  và hình ảnh còn lại ở nhiều nơi chưa được khai thác.</subfield>
  </datafield>
  <datafield tag="653" ind1=" " ind2=" ">
   <subfield code="a">Tham khảo</subfield>
  </datafield>
  <datafield tag="700" ind1="1" ind2=" ">
   <subfield code="a">Nguyễn Đức Hiệp</subfield>
  </datafield>
  <datafield tag="942" ind1=" " ind2=" ">
   <subfield code="2">ddc</subfield>
   <subfield code="c">BK</subfield>
  </datafield>
  <datafield tag="952" ind1=" " ind2=" ">
   <subfield code="0">0</subfield>
   <subfield code="1">0</subfield>
   <subfield code="2">ddc</subfield>
   <subfield code="4">0</subfield>
   <subfield code="6">781_620000000000000_T527</subfield>
   <subfield code="7">0</subfield>
   <subfield code="9">27826</subfield>
   <subfield code="a">000001</subfield>
   <subfield code="b">000001</subfield>
   <subfield code="d">2023-06-06</subfield>
   <subfield code="o">781.62 T527</subfield>
   <subfield code="p">TK.03425</subfield>
   <subfield code="r">2023-06-06</subfield>
   <subfield code="v">45000.00</subfield>
   <subfield code="w">2023-06-06</subfield>
   <subfield code="y">BK</subfield>
  </datafield>
  <datafield tag="980" ind1=" " ind2=" ">
   <subfield code="a">Thư viện Trường Đại học Nam Cần Thơ</subfield>
  </datafield>
 </record>
</collection>
